000 02025aam a2200325 4500
001 19434
003 CO-MdFUSB
005 20190202100420.0
008 170227t1993 stk||||f |||| 00| 0 eng d
020 _a0-567-29244-4
040 _aCO-MdFUSB
_bspa
_cCO-MdFUSB
_dCO-MdFUSB
_erda
041 _aeng
082 _224
_aG 270.1
_bST933t
100 1 _aStuder, Basil
_eautor
245 1 0 _aTrinity and incarnation
_b: The faith of the early church
_c/ Basil Studer ; Translado por Matthias Westerhoff ; Editado por Andrew Louth
264 1 _aEdinburgh, Scotland :
_bT & T Clark
_c℗1993
264 4 _c©1993
300 _axvii, 270 páginas
_c; 24 cm.
336 _2rdacontent
_a1
_ba1
337 _2rdamedia
_a2
_b5
338 _2rdacarrier
_a2
_b5
504 _aBibliografía (páginas: 249- 251)
504 _aIncluye índices (páginas: 253-279)
505 0 0 _aUna encuesta de la proclamación cristológica pre-niceno - El misterio de Cristo en la oración y la exhortación - Los inicios de la reflexión teológica sobre Dios y su salvación - La visión soteriológica de los apologistas griegos - Doctrina antagónica de Ireneo de Salus Carnis - La concepción antimonárquica de la historia de la salvación en Tertuliano, Hipólito y Novaciano - La gnosis cristiana de Orígenes - El enfoque de Nicea - Nicea, punto de partida para una nueva teología - La teología de Nicea de Atanasio y Hilary - La espiritualidad de la iglesia imperial - La formulación de la fe trinitaria por los Capadocios - La recepción general de la fe de Nicea en aproximadamente 380 - La revelación del amor de Dios humilde según Agustín - Los inicios de la cuestión cristológica - Las grandes tradiciones cristológicas - La fe de Calcedonia - La teología después de Calcedonia
534 _cGott und unsere erlösung im glauben der alten kirche
_pTítulo original en alemán:
563 _aRústico
650 7 _aIglesia
_xHistoria
_y(Iglesia primitiva), ca. 0030-0600
_2
_9659
942 _cBK
999 _c45799
_d45799